| 000 | 01442cam a22002891i 4500 | ||
|---|---|---|---|
| 003 | SA-RiAUC | ||
| 005 | 20241231083352.0 | ||
| 008 | 241230s1985 le g 000 0 ara c | ||
| 040 |
_aSA-RiKSU _bara _cSA-RiAUC _erda |
||
| 082 | 0 | 4 |
_a224.1 _qSA-RiAUC |
| 090 |
_a224.1 _bا ب ن ج |
||
| 100 | 1 |
_aابن الجوزي، عبد الرحمن بن علي بن محمد، _d508-597 هجري _eمؤلف. |
|
| 245 | 1 | 0 |
_aنزهة الأعين النواظر في علم الوجوه والنظائر / _cجمال الدين أبي الفرج عبد الرحمن بن علي بن الجوزي ؛ دراسة وتحقيق محمد عبد الكريم كاظم الراضي. |
| 250 | _aالطبعة الثانية. | ||
| 264 | 1 |
_aبيروت : _bمؤسسة الرسالة، _c1985 |
|
| 300 |
_a675 صفحة ؛ _c24 سم |
||
| 336 |
_aنص _btxt _2rdacontent _3كتاب |
||
| 337 |
_aبدون وسيط _bn _2rdamedia |
||
| 338 |
_aمجلد _bnc _2rdacarrier |
||
| 630 | 2 | 7 |
_aالقرآن _xألفاظ _2aucut |
| 630 | 2 | 7 |
_aالقرآن _xتفاسير _2aucut |
| 700 | 1 |
_aالراضي، محمد عبد الكريم كاظم، _d1952- _eمحقق. |
|
| 700 | 1 | 2 |
_iتحقيق لـ (عمل) : _aابن الجوزي، عبد الرحمن بن علي بن محمد، _d508-597 هجري. _tنزهة الأعين النواظر في علم الوجوه والنظائر |
| 730 | 2 | 2 | _aالقرآن |
| 942 |
_2ddc _cBOOK _n0 |
||
| 949 |
_aSA-JeALM _d241230 _uosman123 _n1 |
||
| 999 |
_c4163 _d4163 |
||